Những mẫu chuyện lí thú về địa lí kinh tế - xã hội, / tập 1: Con người và những miền đất lạ

Αποθηκεύτηκε σε:
Λεπτομέρειες βιβλιογραφικής εγγραφής
Κύριος συγγραφέας: Trần Mạnh Đạt
Μορφή: Βιβλίο
Γλώσσα:Vietnamese
Έκδοση: H. : Giáo dục, 2007.
Έκδοση:Tái bản lần thứ 1
Θέματα:
Ετικέτες: Προσθήκη ετικέτας
Δεν υπάρχουν, Καταχωρήστε ετικέτα πρώτοι!
Thư viện lưu trữ: Mạng thư viện Đại học Đà Nẵng
LEADER 01113nam a22003251a 4500
001 000039343
003 15638
005 20210506171438.0
008 160412s2007 000
020 |c 25300 
041 0 |a vie 
082 |a 370.7  |b TR-Đ 
100 0 |a Trần Mạnh Đạt 
245 0 |a Những mẫu chuyện lí thú về địa lí kinh tế - xã hội, /  |c Trần Mạnh Đạt  |n tập 1: Con người và những miền đất lạ 
250 |a Tái bản lần thứ 1 
260 |a H. :  |b Giáo dục,  |c 2007. 
300 |a 232 tr ;  |c 19 cm. 
653 |a đọc chuyện 
653 |a trường mẫu giáo 
653 |a kể chuyện 
653 |a Giảng dạy văn học 
OWN |a LNN 
902 |a TKV 
AVA |a UDN50  |b LNN  |d 370.7 TR-Đ  |e available  |t Error 5001 Not defined in file expand_doc_bib_avail.  |f 3  |g 0  |h N  |i 0 
999 |a From the UDN01 
AVA |a UDN50  |b LNN  |d 370.7 TR-Đ  |e available  |t Error 5001 Not defined in file expand_doc_bib_avail.  |f 3  |g 0  |h N  |i 0 
TYP |a Monograph 
980 |a Mạng thư viện Đại học Đà Nẵng